La construcción social de la alfabetización

Сохранить в:
Библиографические подробности
Главный автор: Cook-Gumperz, Jenny (Автор)
Формат:
Язык:испанский
Опубликовано: Barcelona Paidós 1988
Серии:Temas de Educación, 7
Предметы:
Метки: Добавить метку
Нет меток, Требуется 1-ая метка записи!

MARC

LEADER 00000nam a2200000 a 4500
001 UCW6348
003 CL-VaPUC
008 911122e19880000SP |||||||||||||||||spa|d
082 0 4 |a 379.24  |b COO  |2 21 
100 0 |a Cook-Gumperz, Jenny  |e author  |9 311408 
245 1 3 |a La construcción social de la alfabetización 
300 |a 277 p 
942 |c BK 
945 |d 19911122 00:00:00 
260 |a Barcelona  |b Paidós  |c 1988 
650 0 |a Alfabetización   |x Educación  |9 307898 
583 |a last modification  |c 19911122 00:00:00  |k Rodrigo Vera 
490 0 |a Temas de Educación, 7 
999 |c 219440  |d 219438 
952 |0 0  |1 0  |4 0  |6 379_240000000000000_COO_1988  |7 0  |8 P  |9 210372  |a BIBEDU  |b BIBEDU  |c BIBEDU_PB  |d 2019-11-15  |i 278470K  |o 379.24 COO 1988  |p 278470K  |r 2024-01-25  |w 2019-11-15  |y BK  |k EDU